00513 2200169 4500001002100000008004100021035002000062245011500082100001900197260003800216300001100254020002200265084001800287082000800305650001200313990001800325INLIS000000000000692 ind  a0010-0724000692 aSi Kancil Dan Seruling Ajaib Penyebar Agama Islam Di Tanah Jawa Generasi Pertama Hingga Kelimacdidik djunaedi adidik djunaedi aBekasibCahaya pustaka ragac2008 a66 hlm a978-602-8155-05-2 a398.245 DID k a398 aFolklor aP29/CP/24/692